Dexter Characters: Which Season? - Statistics

General Stats
  • This quiz has been taken 867 times
  • The average score is 11 of 15
Answer Stats
Question Answer % Correct
Lila West Season 2
92%
Miguel Prado Season 3
91%
Arthur Mitchell Season 4
90%
Frank Lundy Multiple Seasons
88%
Jamie Batista Multiple Seasons
85%
Evelyn Vogel Season 8
80%
Jordan Chase Season 5
78%
Travis Marshall Season 6
78%
Christine Hill Season 4
70%
Hannah McKay Multiple Seasons
69%
Brian Moser Season 1
65%
Stan Liddy Season 5
57%
Paul Bennett Multiple Seasons
44%
Mike Anderson Multiple Seasons
33%
Anton Briggs Multiple Seasons
28%
No matching quizzes found
Score Distribution
Percent of People with Each Score
Percentile by Number Answered
Your Score History
You have not taken this quiz